[Event "Titled Tuesday intern op 19th May"]
[Site "Chess.com INT"]
[Date "2020.05.19"]
[Round "10"]
[White "Bromann, Thorbjorn"]
[Black "Tanenbaum, Zachary Chen"]
[Result "1-0"]
[WhiteElo "2392"]
[BlackElo "2137"]
[PlyCount "67"]
[EventDate "2020.05.19"]
[EventType "swiss (blitz)"]
[EventRounds "10"]
[EventCountry "USA"]
[SourceTitle "EXT 2021"]
[Source "ChessBase"]
[SourceDate "2020.10.23"]
[SourceVersion "1"]
[SourceVersionDate "2020.10.23"]
[SourceQuality "1"]

1. d4 d5 2. Bg5 Nf6 3. e3 Bf5 4. c4 c6 5. Bxf6 exf6 6. Qb3 Bxb1 7. Rxb1 Qa5+ 8. Kd1 Nd7 9. cxd5 cxd5 10. Bb5 Rd8 11. Qxd5 Qb6 12. Ne2 Be7 13. Nc3 a6 14. Ba4 Qa7 15. Ke2 b5 16. Bb3 0-0 17. Qf3 Qb8 18. g3 b4 19. Nd5 Qb5+ 20. Ke1 Rfe8 21. Nc7 Qb6 22. Nxe8 Rxe8 23. Qd5 Qd8 24. Qxf7+ Kh8 25. Ke2 Nf8 26. Rhc1 Ng6 27. Qd5 Qb8 28. Rc6 Rd8 29. Qc4 Qb7 30. Rc1 Qd7 31. Rc8 Qg4+ 32. f3 Qh3 33. Rxd8+ Bxd8 34. Qg8# 1-0